| 000 -LEADER |
| fixed length control field |
00423nam a22001457a 4500 |
| 008 - FIXED-LENGTH DATA ELEMENTS--GENERAL INFORMATION |
| fixed length control field |
200616b ||||| |||| 00| 0 eng d |
| 082 00 - DEWEY DECIMAL CLASSIFICATION NUMBER |
| Classification number |
620.17 |
| Item number |
P8767 |
| 100 ## - MAIN ENTRY--PERSONAL NAME |
| 9 (RLIN) |
803 |
| Personal name |
Pounder, C. C. |
| 245 10 - TITLE STATEMENT |
| Title |
Dished ends and stayed surfaces |
| 260 ## - PUBLICATION, DISTRIBUTION, ETC. (IMPRINT) |
| Place of publication, distribution, etc |
London |
| Name of publisher, distributor, etc |
Association of engineering and shipbuilding draughtsmen |
| Date of publication, distribution, etc |
1950 |
| 300 ## - PHYSICAL DESCRIPTION |
| Extent |
83p. |
| 365 ## - TRADE PRICE |
| Unit of pricing |
1.87 |
| 650 #0 - SUBJECT ADDED ENTRY--TOPICAL TERM |
| Topical term or geographic name as entry element |
Strength of Materials |
| 942 ## - ADDED ENTRY ELEMENTS (KOHA) |
| Item type |
Books |